Manažment európskej bezpečnosti a obrany: komparatívna analýza klauzúl o vzájomnej obrane v Lisabonskej zmluve a o Kolektívnej obrane vo Washingtonskej zmluve
Postupné zhoršovanie globálneho i regionálneho bezpečnostného prostredia a bezpečnostnej situácie v priebehu prvých dvoch dekád nového milénia, spolu so značným nárastom symetrických a predovšetkým asymetrických bezpečnostných hrozieb, vyvolalo potrebu prijímať adekvátne opatrenia politického, bezpe...
Gespeichert in:
| 1. Verfasser: | |
|---|---|
| Format: | Buchkapitel |
| Sprache: | Slowakisch |
| Schlagworte: | |
| Tags: |
Keine Tags, Fügen Sie das erste Tag hinzu!
|
MARC
| LEADER | 00000naa a2200000 4500 | ||
|---|---|---|---|
| 001 | 0256765 | ||
| 005 | 20221104111822.9 | ||
| 041 | 0 | |a slo | |
| 044 | |a SK | ||
| 245 | 1 | 0 | |a Manažment európskej bezpečnosti a obrany: komparatívna analýza klauzúl o vzájomnej obrane v Lisabonskej zmluve a o Kolektívnej obrane vo Washingtonskej zmluve |c Radoslav Ivančík |
| 520 | |a Postupné zhoršovanie globálneho i regionálneho bezpečnostného prostredia a bezpečnostnej situácie v priebehu prvých dvoch dekád nového milénia, spolu so značným nárastom symetrických a predovšetkým asymetrických bezpečnostných hrozieb, vyvolalo potrebu prijímať adekvátne opatrenia politického, bezpečnostného, vojenského, legislatívneho i organizačného charakteru, a to tak na úrovni štátov, ako aj na úrovni integračných zoskupení (aliancií, únií, paktov a pod.). Analýza manažmentu európskej bezpečnosti a obrany a komparatívna analýza článku 42 ods. 7 Lisabonskej zmluvy (o vzájomnej obrane) a článku 5 Severoatlantickej zmluvy (o kolektívnej obrane). | ||
| 610 | 2 | 0 | |a bezpečnosť európska |
| 610 | 2 | 0 | |a bezpečnosť medzinárodná |
| 610 | 2 | 0 | |a politika bezpečnostná |
| 610 | 2 | 0 | |a zmluvy medzinárodné |
| 610 | 2 | 0 | |a analýza komparatívna |
| 610 | 2 | 0 | |a USA |
| 610 | 2 | 0 | |a NATO |
| 100 | 1 | |a Ivančík, Radoslav | |